000 00700nam a22001817a 4500
003 BUBTL
008 190430b xxu||||| |||| 00| 0 eng d
020 _a978-984-92906-4-3
082 _a954.92 / MUS
100 _92312
_aরবি মুহাম্মদ
245 _aস্মৃতিময় বঙ্গবন্ধু :
_bবাংলাদেশ স্বপ্ন বুনে /
_cরবি মুহাম্মদ
260 _aঢাকা :
_bসৃষ্টি প্রকাশনী,
_cc2018
300 _a96 p. :
_c22 cm.
650 0 _91755
_aমুক্তিযুদ্ধ
856 _k0
_l0
_yDownload
942 _2ddc
_cBK
999 _c6010
_d6010